000 00506nam a2200193Ia 4500
005 20250508155343.0
008 008 250505s9999 xx 000 0 eng d
037 _aBooks to be hide in OPAC
040 _aFEDL
_beng
_cFEDL
041 _aeng
_2eng
084 _qFEDL
100 _aDickinson Eric
_9577990
245 0 _aKishangarh painting
260 _aNew Delhi, India
_bLalit Kala Akadami
300 _a50p.
700 _a Khandalavala Karl
_9766897
942 _cHB
999 _c1356262
_d1356262